000 00669 a2200169 4500
003 Nust
005 20170207154602.0
040 _cNust
082 _a355.02,
100 _aKhan,Colonel Khush Muhammad
245 _aEvolution of military thought
_bmilitary history presentations national security and war course 2010/11
_cCol. Khush Muhammad Khan and Lt Col Manzoor Ahmed Abbasi AEC
260 _aIslamabad
_bNDU
_c2012
300 _av,262 p.
505 _aContinental Military Thought and its Global Impact (Page 1) Evolution of Air Power (Page 81) Evolution of Maritime and Naval Power (Page 169)
650 _aEvolution of military thought
651 _aMilitary thought
942 _2ddc
_cBK
999 _c198638
_d198638